000 00765nam0a22002411 4500
001 rc\964246
005 20041129100604.5
035 _a(NLR Aleph) 006133662
090 _a5588121
_c5588121
100 _a20041129d1982 u |0rusy50 ca
101 0 _arus
102 _aRU
105 _ay |||||||||
200 1 _aТворческая активность коллектива
_fПод ред. М.З. Бора
210 _aСаратов
_cИзд-во Сарат. ун-та
_d1982
215 _a159 с.
_d21
700 1 _aЦимбалов
_bИ. П.
_gИван Петрович
701 1 _aДорофеева
_bГ. Я.
_gГалина Яковлевна
801 0 _aRU
_bNLR
_gpsbo
801 1 _aRU
_bELAR
_2rusmarc
852 _aNLR
_j83-5/2645
942 _cBOOK
980 _aNB